| 000 | 01170nam a2200301 c 4500 | ||
|---|---|---|---|
| 999 |
_c59027 _d59027 |
||
| 003 | BLK | ||
| 005 | 20250605174839.0 | ||
| 008 | 180408b bul|||||r ||||||| ||bul|| | ||
| 010 | _aKNG00063103000 | ||
| 040 | _aBLK | ||
| 041 |
_cENG _aBUL |
||
| 080 |
_aОбщи енциклопедии. Енциклопедични речници. Научни справочници. Отраслови енциклопедии и справочници се класират в съответните отдели с определител за форма _b03 _z03 |
||
| 139 | _aNew standard dictionary of the english language | ||
| 245 | 1 | 0 | _aNew standard dictionary of the english language |
| 260 |
_bFunk Wagnalls Company _c1922 _aNew York and London |
||
| 300 |
_a2808 с. _c32 см _bill. |
||
| 380 | _a0 | ||
| 650 | 7 |
_9147024 _aАнглийски език - речници |
|
| 653 | 7 |
_9195539 _aречници |
|
| 852 |
_aЦб ІІ 30728 _bЦб |
||
| 942 |
_cKNG _n0 _013 _s1 |
||
| 944 |
_aCR _c13.06.2004 _k30551 _lБояна Костадинова |
||
| 944 |
_aED _c13.06.2004 |
||
| 944 |
_aED _c2022-03-14 |
||
| 999 | _d59027 | ||
| 999 | _d59027 | ||
| 999 | _d59027 | ||